A course in large sample theory /
Guardado en:
| Autor Principal: | |
|---|---|
| Formato: | Libro |
| Idioma: | English |
| Publicado: |
London :
Chapman & Hall,
1996.
|
| Edición: | 1st ed. |
| Series: | Texts in statistical science.
|
| Materias: | |
| Etiquetas: |
Agregar Etiqueta
Sin Etiquetas, Sea el primero en etiquetar este registro!
|
| LEADER | 01088nam a2200277 a 4500 | ||
|---|---|---|---|
| 001 | MAT.inmabb003597 | ||
| 008 | 960808s1996####enk######b####001#0#eng## | ||
| 005 | 20151020162120.0 | ||
| 245 | 1 | 2 | |a A course in large sample theory / |c Thomas S. Ferguson. |
| 250 | |a 1st ed. | ||
| 260 | |a London : |b Chapman & Hall, |c 1996. | ||
| 300 | |a ix, 245 p. ; |c 24 cm. | ||
| 490 | 1 | |a Chapman & Hall texts in statistical science | |
| 504 | |a Incluye referencias bibliográficas (p. 236-237) e índice. | ||
| 510 | 4 | |a MR, |c 2000g:62001 | |
| 505 | 0 | |a pt. 1. Basic probability -- pt. 2. Basic statistical large sample theory -- pt. 3. Special topics -- pt. 4. Efficient estimation and testing. | |
| 020 | |a 0412043718 (pbk.) | ||
| 100 | 1 | |a Ferguson, Thomas S. |q (Thomas Shelburne), |d 1929- | |
| 830 | 0 | |a Texts in statistical science. | |
| 650 | 0 | |a Sampling (Statistics) | |
| 650 | 0 | |a Asymptotic distribution (Probability theory) | |
| 650 | 0 | |a Law of large numbers. | |
| 084 | |a 62-01 (62E20 62F12 62G20 62G30) |2 msc2000 | ||
| 010 | |a 96086138 | ||
| 040 | |a DLC |c DLC | ||
| 859 | |h 62 |i F352c |p A-7451 |b BIB. MATEMATICA | ||
